Web Programming. : Building Internet Applications

Salvato in:
Dettagli Bibliografici
Autore principale: Bates, Chris (Autore)
Natura: Libro
Lingua:inglese
Pubblicazione: Chichester : John Wiley & Sons, 2006
Edizione:3. vyd.
Soggetti:
Tags: Aggiungi Tag
Nessun Tag, puoi essere il primo ad aggiungerne!!

MARC

LEADER 00000nam a22000003a 4500
001 stu151753
005 20190206124555.0
008 071127s2006----uk------------------eng-d
020 |a 0-470-01775-9 
040 |a STU  |b slo 
041 0 |a eng 
044 |a uk 
100 1 |a Bates, Chris  |4 aut 
245 1 |a Web Programming. :  |b Building Internet Applications 
250 |a 3. vyd. 
260 |a Chichester :  |b John Wiley & Sons,  |c 2006 
300 |a 654 s 
650 7 |a internetové aplikácie  |2 stusub 
650 7 |a web dizajn  |2 stusub 
996 |b 284IK06243  |c I*11WV5873  |l I  |s A  |a 24  |w stu151753_0001